000 00426nam a2200157 i 4500
001 61649
003 ES-MaACL
005 20230906164517.0
007 t|
008 031113s1961 sp ||||1| spa d
100 1 _aFabricius, Johann.
_948576
245 1 3 _aUn castillo en Carintia /
_cJohan Fabricius.
260 _aBarcelona :
_bLuis de Caralt,
_c[1961]
300 _a404 p. ;
_c24 cm.
852 _aES-MaACL
_jC-2229
_bR.47969
999 _c61649
_d61649